RIVISTA DI PASTORALE LITURGICA. MAGGIO 1974. ORGANO CAL. COMUNIONE FUROI DELLA MESSA. (Record n. 331641)

Dettagli MARC
000 -LEADER
fixed length control field 01641nas a2200277Ia 4500
001 - CONTROL NUMBER
control field R050-S3055
003 - CONTROL NUMBER IDENTIFIER
control field IT-CnALBA
008 - FIXED-LENGTH DATA ELEMENTS--GENERAL INFORMATION
fixed length control field 170116c99999999xx |||||||||||| ||und||
040 ## - CATALOGING SOURCE
Original cataloging agency IT-CnALBA
Transcribing agency IT-CnALBA
041 ## - LANGUAGE CODE
Language code of text/sound track or separate title ITALIANO
999 ## - SYSTEM CONTROL NUMBERS (KOHA)
Koha Dewey Subclass [OBSOLETE] NO
100 ## - MAIN ENTRY--PERSONAL NAME
Personal name FALSINI RINALDO, OFM.
210 ## - ABBREVIATED TITLE
Abbreviated title RIVISTA DI PASTORALE LITURGICA
222 ## - KEY TITLE
Key title RIVISTA DI PASTORALE LITURGICA
245 #0 - TITLE STATEMENT
Title RIVISTA DI PASTORALE LITURGICA. MAGGIO 1974. ORGANO CAL. COMUNIONE FUROI DELLA MESSA.
250 ## - EDITION STATEMENT
Edition statement 1a ed.
260 ## - PUBLICATION, DISTRIBUTION, ETC. (IMPRINT)
Place of publication, distribution, etc. BRESCIA
Name of publisher, distributor, etc. QUERINIANA EDIT. LIBR. VESC.
Date of publication, distribution, etc. 1974 [1° Ed.:1974 - Ed.Ling.Originale: 1974]
300 ## - PHYSICAL DESCRIPTION
Extent 69 p.
310 ## - CURRENT PUBLICATION FREQUENCY
Current publication frequency BIMESTRALE
362 ## - DATES OF PUBLICATION AND/OR SEQUENTIAL DESIGNATION
Dates of publication and/or sequential designation Fascicolo: 64 / Anno: 11 (1974)
500 ## - GENERAL NOTE
General note LODI E. MARENGO A. ARDUSSO PR. GANDELLI M. RAINOLDO F. ORDINAMENTO CULTO MARIANO. NUOVO RITO E MINISTRO COMUNIONE FUORI MESSA. COMUNIONE E PARTECIPAZIONE LA SACRIFICIO. COMUNIONE INFERMI. IL PRESIDENTE DELLA CELEBRAZIONE. DIRETTORIO MESSE FANCIULLI. AVVICINAMENTO FANCIULLI ALL'EUCARISTIA. CANTO E MUSICA NELLA MESSA DEI FANCIULLI. RECENSIONI. LETTERE ALLA DIREZIONE.
501 ## - WITH NOTE
With note Società San Paolo EM - Piazza San Paolo, 14 - 12051 ALBA (CN) (non commercial uses only) ® Copyright 2017
520 ## - SUMMARY, ETC.
Summary, etc. LODI E. MARENGO A. ARDUSSO PR. GANDELLI M. RAINOLDO F. ORDINAMENTO CULTO MARIANO. NUOVO RITO E MINISTRO COMUNIONE FUORI MESSA. COMUNIONE E PARTECIPAZIONE LA SACRIFICIO. COMUNIONE INFERMI. IL PRESIDENTE DELLA CELEBRAZIONE. DIRETTORIO MESSE FANCIULLI. AVVICINAMENTO FANCIULLI ALL'EUCARISTIA. CANTO E MUSICA NELLA MESSA DEI FANCIULLI. RECENSIONI. LETTERE ALLA DIREZIONE.
650 ## - SUBJECT ADDED ENTRY--TOPICAL TERM
Topical term or geographic name as entry element TEOLOGIA PASTORALE
942 ## - ADDED ENTRY ELEMENTS (KOHA)
Koha item type RIVISTA
957 ## -
-- 1
999 ## - SYSTEM CONTROL NUMBERS (KOHA)
-- 1
Dati di copia
Withdrawn status Lost status Damaged status Not for loan Home library Current library Date acquired Total Checkouts Full call number Date last seen Price effective from Koha item type Public note
    Buone Condizioni Not For Loan ALBA - Biblioteca ALBA - Biblioteca 16/01/2017   R050-S3055 16/01/2017 16/01/2017 RIVISTA (data import: 16 gennaio 2017) - By Epidotti, Vaglietti.
CREDITS: SOCIETA' SAN PAOLO Via A.Severo, 58 - ROMA (RM) & PERIODICI SAN PAOLO SRL Via Giotto, 36 MILANO & CISF Via Giotto, 36 MILANO & EDIZIONI SAN PAOLO SRL,  Piazza Soncino, 5 CINISELLO BALSAMO (MI) -- ITALY